000 00541nam a22001937a 4500
003 OSt
005 20160509161043.0
008 160509b xxu||||| |||| 00| 0 eng d
020 _a0002199378
040 _cDDC.
082 _a598PER 1995.
100 _aPerblo,Van Ber;
_98579
245 _aBirds of Eastern Africa.
_bEvery species illustrated.
260 _aLondon.
_bHarper Collins Publishers.
_c1995.
300 _a301p;
_bill;
_c18cm.
504 _aincludes index and Bibliography.
650 _aBird Species.
_98580
942 _2ddc
_cSLOAN
999 _c3914
_d3914